Conocimiento y comunicación (Record no. 10118)

MARC details
000 -LEADER
campo de control de longitud fija 01187nmc a2200445 a 4500
003 - IDENTIFICADOR DE NÚMERO DE CONTROL
campo de control AR-BaBNM
005 - FECHA Y HORA DE LA ÚLTIMA TRANSACCIÓN
campo de control 20251128205130.0
008 - DATOS DE LONGITUD FIJA--INFORMACIÓN GENERAL
campo de control de longitud fija 086119s1989 ||||||||||||||000 | spa||
020 ## - NÚMERO INTERNACIONAL ESTÁNDAR DEL LIBRO
Número Internacional Estándar del Libro 84-7639-111-0
040 ## - FUENTE DE CATALOGACIÓN
Centro/agencia transcriptor AR-BaBNM
245 10 - MENCIÓN DEL TÍTULO
Título Conocimiento y comunicación
250 ## - MENCION DE EDICION
Mención de edición 1ª ed.
260 ## - PUBLICACIÓN, DISTRIBUCIÓN, ETC.
Lugar de publicación, distribución, etc. Barcelona
Nombre del editor, distribuidor, etc. Montesinos
Fecha de publicación, distribución, etc. 1989
300 ## - DESCRIPCIÓN FÍSICA
Extensión 389 p.
490 #0 - MENCIÓN DE SERIE
Mención de serie Sociedad y conocimiento
Designación de volumen o secuencia V. 1
650 #4 - PUNTO DE ACCESO ADICIONAL DE MATERIA--TÉRMINO DE MATERIA
Término de materia o nombre geográfico como elemento de entrada SOCIOLOGIA CULTURAL
650 #4 - PUNTO DE ACCESO ADICIONAL DE MATERIA--TÉRMINO DE MATERIA
Término de materia o nombre geográfico como elemento de entrada SEMIOLOGIA
650 #4 - PUNTO DE ACCESO ADICIONAL DE MATERIA--TÉRMINO DE MATERIA
Término de materia o nombre geográfico como elemento de entrada SOCIOLOGIA DE LA COMUNICACION
650 #4 - PUNTO DE ACCESO ADICIONAL DE MATERIA--TÉRMINO DE MATERIA
Término de materia o nombre geográfico como elemento de entrada SOCIOLOGIA DEL CONOCIMIENTO
650 #4 - PUNTO DE ACCESO ADICIONAL DE MATERIA--TÉRMINO DE MATERIA
Término de materia o nombre geográfico como elemento de entrada TEORIA DEL CONOCIMIENTO
650 #4 - PUNTO DE ACCESO ADICIONAL DE MATERIA--TÉRMINO DE MATERIA
Término de materia o nombre geográfico como elemento de entrada CIENCIAS SOCIALES
650 #4 - PUNTO DE ACCESO ADICIONAL DE MATERIA--TÉRMINO DE MATERIA
Término de materia o nombre geográfico como elemento de entrada METODOLOGIA
650 #4 - PUNTO DE ACCESO ADICIONAL DE MATERIA--TÉRMINO DE MATERIA
Término de materia o nombre geográfico como elemento de entrada ESTUDIOS CULTURALES
650 #4 - PUNTO DE ACCESO ADICIONAL DE MATERIA--TÉRMINO DE MATERIA
Término de materia o nombre geográfico como elemento de entrada IDEOLOGIAS
653 ## - TÉRMINO DE INDIZACIÓN--NO CONTROLADO
Término no controlado MODERNIDAD
653 ## - TÉRMINO DE INDIZACIÓN--NO CONTROLADO
Término no controlado ANALISIS DEL DISCURSO
653 ## - TÉRMINO DE INDIZACIÓN--NO CONTROLADO
Término no controlado POSMODERNIDAD
700 1# - ENTRADA AGREGADA--NOMBRE PERSONAL
Nombre de persona Caamaño, M.R.
700 1# - ENTRADA AGREGADA--NOMBRE PERSONAL
Nombre de persona Campoy, Margarita
700 1# - ENTRADA AGREGADA--NOMBRE PERSONAL
Nombre de persona Casal Ribas, P.
700 1# - ENTRADA AGREGADA--NOMBRE PERSONAL
Nombre de persona Doncel, Luis V.
700 1# - ENTRADA AGREGADA--NOMBRE PERSONAL
Nombre de persona Esteban, Concepción G.
700 1# - ENTRADA AGREGADA--NOMBRE PERSONAL
Nombre de persona González León, R.
700 1# - ENTRADA AGREGADA--NOMBRE PERSONAL
Nombre de persona Latorre, Laureano P.
700 1# - ENTRADA AGREGADA--NOMBRE PERSONAL
Nombre de persona Molina, Angel M.
700 1# - ENTRADA AGREGADA--NOMBRE PERSONAL
Nombre de persona Smart, Barry
700 1# - ENTRADA AGREGADA--NOMBRE PERSONAL
Nombre de persona Uña, O.
Término indicativo de función/relación editor
942 ## - ELEMENTOS DE ENTRADA SECUNDARIOS (KOHA)
Tipo de ítem Koha Libros
998 ## - INFORMACIÓN DE CONTROL LOCAL (RLIN)
Iniciales del catalogador, CIN (RLIN) MARTIN
Holdings
Estatus retirado Estado de pérdida Fuente de la clasificación o esquema de estantería Estado de daño No para préstamo Biblioteca de origen Biblioteca actual Fecha de adquisición Total de préstamos Signatura topográfica completa Código de barras Visto por última vez Precio de reemplazo Tipo de ítem Koha
    Clasificación Decimal Dewey     Liberty Liberty 28/11/2025   316.7 CAA 103348 28/11/2025 28/11/2025 Libros
    Clasificación Decimal Dewey     Liberty Liberty 28/11/2025   316.7 CAA 103349 28/11/2025 28/11/2025 Libros
    Clasificación Decimal Dewey     Liberty Liberty 28/11/2025   316.7 CAA 103350 28/11/2025 28/11/2025 Libros